| 000 | 01115nam a2200241 a 4500 | ||
|---|---|---|---|
| 001 | 000025999 | ||
| 003 | AM-YEHGA | ||
| 005 | 20250618070901.0 | ||
| 008 | 001206s1983 ai a|||gr|||||||||0|arm|d | ||
| 040 | _aAM-YeHGA | ||
| 041 | 1 | _aarm | |
| 100 | 1 | _aԻվանով, Կրասարմ Իվանովիչ | |
| 245 | 1 | 0 |
_aՀունգարական Ժողովրդական Հանրապետություն : _bՏեղեկագիրք / _cԿ.Ի. Իվանով, Վ.Ի. Պունտուս ; Թարգմ.՝ Լ.Տ. Սարգսյան ; Խմբ.՝ Ա.Ս. Վարդազարյան. |
| 260 |
_aԵրևան : _bՀայաստան, _c1983. |
||
| 300 |
_a136 էջ ; _c8թ. նկ. ; _c16 սմ. |
||
| 500 | _aՏիտղթ.-ին՝ 1982թ. | ||
| 650 | 1 | 4 | _aՔաղաքական, տնտեսական և մշակութային կյանքը առանձին տարածքներում և երկրներում |
| 700 | 1 | _aՊունտուս, Վլադլեն Իվանովիչ | |
| 700 | 1 |
_aՍարգսյան, Լիպարիտ Տիգրանի, _d1938-2023 _eթարգմ. _4trl _91060 |
|
| 700 | 1 |
_aՎարդազարյան, Ա.Ս. _eխմբ. _4edt |
|
| 942 |
_2udc _cBK |
||
| 090 | _c10949 | ||
| 999 |
_c10869 _d10869 |
||